000 00521cam a22001814a 4500
001 14132130
005 20171027102737.0
008 051004s2005 dcua b 001 0 eng
020 _a089526031X (pbk.)
040 _cPK-LaUMT
082 0 0 _a509.73
_222
_bBET-P
100 1 _aBethell, Tom
245 1 4 _aThe politically incorrect guide to science /
_cTom Bethell
260 _aWashington, DC :
_bRegnery Publishing ;
_c2005
300 _axiii, 270 p. :
_bill. ;
_c23 cm.
650 0 _aScience
_zUnited States.
942 _cBK
999 _c97700
_d97700